00333nam a2200121Ia 4500008004100000082002000041100001400061245005200075250000800127260004900135300001000184650001700194150201s2009 xx 000 0 und d a617.525bP2007T aTAWARE,CP aPRACTICAL GUIDE TO ORAL & MAXILLOFACIAL SURGERY a1ST bC.B.S PUBLISHERS & DISTRIBUTERSaDELHIc2009 a1-224 aORAL SURGERY